[Event "SLO-chT2 West"]
[Site "Komenda"]
[Date "2017.11.26"]
[Round "7.3"]
[White "Muhic, Jure"]
[Black "Jovan, Romuald"]
[Result "0-1"]
[WhiteElo "1867"]
[BlackElo "1914"]
[PlyCount "76"]
[EventDate "2017.11.11"]
[EventType "team-tourn"]
[EventRounds "7"]
[EventCountry "SLO"]
[SourceTitle "EXT 2019"]
[Source "ChessBase"]
[SourceDate "2018.10.10"]
[SourceVersion "1"]
[SourceVersionDate "2018.10.10"]
[SourceQuality "1"]
[WhiteTeam "Dolenjske Toplice"]
[BlackTeam "Radovljica"]
[WhiteTeamCountry "SLO"]
[BlackTeamCountry "SLO"]

1. Nf3 Nf6 2. c4 g6 3. Nc3 Bg7 4. g3 0-0 5. Bg2 d6 6. 0-0 c5 7. Rb1 Nc6 8. a3 Rb8 9. d3 Ng4 10. Bg5 h6 11. Bd2 Bd7 12. Qc1 Kh7 13. h4 Nge5 14. h5 Nxf3+ 15. Bxf3 Nd4 16. Be4 Bf5 17. Kg2 Bxe4+ 18. dxe4 g5 19. Qd1 Qd7 20. e3 Nc6 21. Qe2 Qe6 22. b3 g4 23. f3 Ne5 24. fxg4 Nxg4 25. Rf4 Ne5 26. Nd5 Rbc8 27. Rbf1 f6 28. Bc3 b6 29. Bxe5 dxe5 30. Qg4 Qxg4 31. Rxg4 Rf7 32. Rg6 Kh8 33. Rf3 e6 34. Nxf6 Rcf8 35. g4 Rxf6 36. Rgxf6 Rxf6 37. Rxf6 Bxf6 38. Kf3 Bh4 0-1

[Event "SLO-chT2 West"]
[Site "Slovenia"]
[Date "2015.11.08"]
[Round "7"]
[White "Jovan, Romuald"]
[Black "Cander, Mitja"]
[Result "0-1"]
[WhiteElo "1904"]
[BlackElo "2270"]
[PlyCount "122"]
[EventDate "2015.10.17"]
[EventType "team-tourn"]
[EventRounds "7"]
[EventCountry "SLO"]
[SourceTitle "EXT 2019"]
[Source "ChessBase"]
[SourceDate "2018.10.10"]
[SourceVersion "1"]
[SourceVersionDate "2018.10.10"]
[SourceQuality "1"]
[WhiteTeam "Radovljica"]
[BlackTeam "Ljubljana SK"]
[WhiteTeamCountry "SLO"]
[BlackTeamCountry "SLO"]

1. d4 Nf6 2. c4 g6 3. Nc3 Bg7 4. e4 d6 5. Be2 0-0 6. Bg5 h6 7. Be3 e5 8. d5 a5 9. h3 Na6 10. Nf3 b6 11. 0-0 Nc5 12. Nd2 Nfd7 13. a3 f5 14. f3 f4 15. Bf2 a4 16. Kh1 Rf7 17. b4 axb3 18. Nxb3 Nxb3 19. Qxb3 Nc5 20. Qc2 Bf8 21. Rg1 g5 22. a4 h5 23. Qd1 Rg7 24. Kh2 g4 25. g3 h4 26. fxg4 fxg3+ 27. Bxg3 hxg3+ 28. Kxg3 Be7 29. Bf3 Bh4+ 30. Kh2 Bg5 31. Ne2 Ba6 32. Ng3 Bf4 33. Kg2 Bxg3 34. Kxg3 Bxc4 35. Qc1 Bd3 36. Qe3 Qe7 37. Ra3 Bc2 38. h4 Bxa4 39. g5 Rf8 40. Bg4 Bd7 41. Qe2 Rf4 42. Bf3 Rf8 43. Re3 b5 44. Kh2 Qf7 45. Bg4 Bxg4 46. Rxg4 Qf2+ 47. Qxf2 Rxf2+ 48. Kg3 Rf8 49. Kg2 Rgf7 50. Re2 b4 51. h5 Rf4 52. Kg3 Rxg4+ 53. Kxg4 Rf4+ 54. Kh3 Rxe4 55. Rg2 Nd3 56. Kg3 Nf4 57. Rh2 b3 58. Kg4 b2 59. Rh1 Nxd5+ 60. Kf5 Rf4+ 61. Kg6 Nc3 0-1

[Event "SLO-chT2 West"]
[Site "Ljubljana"]
[Date "2013.11.08"]
[Round "1.2"]
[White "Hiti, Domen"]
[Black "Jovan, Romuald"]
[Result "1-0"]
[WhiteElo "2149"]
[BlackElo "1934"]
[PlyCount "109"]
[EventDate "2013.11.08"]
[EventType "team"]
[EventRounds "9"]
[EventCountry "SLO"]
[SourceTitle "EXT 2015"]
[Source "ChessBase"]
[SourceDate "2014.11.20"]
[SourceVersion "1"]
[SourceVersionDate "2014.11.20"]
[SourceQuality "1"]
[WhiteTeam "Ig"]
[BlackTeam "Radovljica"]
[WhiteTeamCountry "SLO"]
[BlackTeamCountry "SLO"]

1. d4 Nf6 2. c4 g6 3. Nc3 Bg7 4. e4 d6 5. Nf3 0-0 6. Be2 e5 7. d5 Nbd7 8. Be3 b6 9. Nd2 a5 10. a3 h5 11. f3 Nh7 12. b4 Ndf6 13. c5 Ne8 14. cxb6 cxb6 15. 0-0 Nhf6 16. Nc4 Rb8 17. Rb1 Bd7 18. bxa5 bxa5 19. Rxb8 Qxb8 20. Nxa5 Qc7 21. Nc4 h4 22. Qb3 Nh5 23. Rb1 Nf4 24. Bf1 Bh6 25. Qb8 Nh3+ 26. gxh3 Bxe3+ 27. Nxe3 Qxc3 28. Qb3 Qc5 29. Kh1 f5 30. Bg2 fxe4 31. fxe4 Nf6 32. Nc4 Rc8 33. Nb6 Rb8 34. Qf3 Nxe4 35. Rf1 Bf5 36. Nd7 Nf2+ 37. Rxf2 Rb1+ 38. Bf1 Qd4 39. Nf6+ Kf7 40. Ng4 Ke7 41. Kg1 Rb2 42. Ne3 Rxf2 43. Qxf2 Be4 44. Qxh4+ Kf7 45. Qf2+ Ke7 46. Bg2 Qa1+ 47. Nf1 Bf5 48. Qe3 Kf6 49. h4 Kg7 50. h3 Qd1 51. Kh2 e4 52. Qd2 Qa1 53. Qf4 Qxa3 54. Ne3 Qd3 55. Nxf5+ 1-0

[Event "SLO-chT3 West"]
[Site "Kranj"]
[Date "2010.11.21"]
[Round "5.2"]
[White "Jovan, Romuald"]
[Black "Kralj, Samo"]
[Result "1-0"]
[WhiteElo "2016"]
[BlackElo "1872"]
[PlyCount "69"]
[EventDate "2010.11.19"]
[EventType "team-swiss"]
[EventRounds "5"]
[EventCountry "SLO"]
[SourceTitle "EXT 2022"]
[Source "ChessBase"]
[SourceDate "2021.10.06"]
[SourceVersion "1"]
[SourceVersionDate "2021.10.06"]
[SourceQuality "1"]
[WhiteTeam "Radovljica"]
[BlackTeam "Komenda SK II"]
[WhiteTeamCountry "SLO"]
[BlackTeamCountry "SLO"]

1. d4 Nf6 2. c4 g6 3. Nc3 Bg7 4. e4 d6 5. Be2 0-0 6. Bg5 h6 7. Be3 e5 8. dxe5 dxe5 9. Nf3 c6 10. 0-0 Be6 11. Qc2 Nbd7 12. Rfd1 Qc7 13. h3 Nh5 14. Bf1 f5 15. exf5 gxf5 16. Re1 Rf7 17. Rad1 Raf8 18. b4 Nb6 19. Bc5 Rd8 20. Rxd8+ Qxd8 21. Nxe5 Bxe5 22. Rxe5 Ng7 23. Na4 Nxa4 24. Qxa4 b6 25. Be3 f4 26. Bc1 Qd4 27. Re1 Bxc4 28. Qxc6 Bxa2 29. Qxh6 Qxb4 30. Rd1 Qf8 31. Bb2 Rc7 32. Bd3 Qe7 33. Bf6 Qf8 34. Bh7+ Kf7 35. Qg6+ 1-0

[Event "SLO-chT2 West"]
[Site "Kranj"]
[Date "2005.10.14"]
[Round "1.1"]
[White "Jovan, Romuald"]
[Black "Trebusak, Anton"]
[Result "1/2-1/2"]
[WhiteElo "2066"]
[BlackElo "2071"]
[PlyCount "30"]
[EventDate "2005.10.14"]
[EventType "team"]
[EventRounds "5"]
[EventCountry "SLO"]
[SourceTitle "EXT 2009"]
[Source "ChessBase"]
[SourceDate "2008.11.26"]
[SourceVersion "1"]
[SourceVersionDate "2008.11.26"]
[SourceQuality "1"]

1. d4 d5 2. c4 c6 3. Nc3 e6 4. e3 Nf6 5. Nf3 Bd6 6. Bd3 Nbd7 7. e4 dxe4 8. Nxe4 Nxe4 9. Bxe4 Nf6 10. Bc2 Bb4+ 11. Bd2 Qa5 12. a3 Bxd2+ 13. Qxd2 Qxd2+ 14. Kxd2 0-0 15. h3 b6 1/2-1/2

[Event "Zalakaros op 24th"]
[Site "Zalakaros"]
[Date "2005.05.20"]
[Round "1"]
[White "Jovan, Romuald"]
[Black "Horvath, Adam"]
[Result "0-1"]
[WhiteElo "2101"]
[BlackElo "2555"]
[PlyCount "94"]
[EventDate "2005.05.20"]
[EventType "swiss"]
[EventRounds "9"]
[EventCountry "HUN"]
[SourceTitle "EXT 2007"]
[Source "ChessBase"]
[SourceDate "2006.11.23"]
[SourceVersion "1"]
[SourceVersionDate "2006.11.23"]
[SourceQuality "1"]

1. d4 Nf6 2. c4 e6 3. Nc3 Bb4 4. Qc2 c5 5. e3 Nc6 6. Nf3 cxd4 7. exd4 d5 8. a3 Be7 9. cxd5 Nxd5 10. Bd3 Nf6 11. Ne2 Bd7 12. Bd2 Rc8 13. Bc3 Na5 14. Ne5 b5 15. 0-0 0-0 16. Kh1 Nc4 17. Bxc4 bxc4 18. a4 Bc6 19. Nxc6 Rxc6 20. f4 g6 21. Rf3 Nd5 22. a5 Qb8 23. Ng3 Nxf4 24. Qe4 Nd5 25. Qe1 f5 26. Qd2 Bf6 27. Ne2 Re8 28. Raf1 Qd6 29. g4 Bg7 30. h3 Rc7 31. Nf4 Nf6 32. gxf5 Ne4 33. Qg2 exf5 34. d5 Nxc3 35. bxc3 Rce7 36. h4 Re1 37. Qd2 Rxf1+ 38. Rxf1 Re4 39. Ng2 Qg3 40. d6 Be5 41. Qd5+ Kg7 42. Kg1 Bxd6 43. Rd1 Qh2+ 44. Kf1 Qh1+ 45. Kf2 Bc5+ 46. Rd4 Bxd4+ 47. cxd4 Qd1 0-1

[Event "Zalakaros op 23rd"]
[Site "Zalakaros"]
[Date "2004.05.21"]
[Round "8"]
[White "Pal, Peter"]
[Black "Jovan, Romuald"]
[Result "1-0"]
[WhiteElo "2200"]
[BlackElo "2108"]
[PlyCount "89"]
[EventDate "2004.05.14"]
[EventType "swiss"]
[EventRounds "9"]
[EventCountry "HUN"]
[SourceTitle "EXT 2008"]
[Source "ChessBase"]
[SourceDate "2007.11.25"]
[SourceVersion "1"]
[SourceVersionDate "2007.11.25"]
[SourceQuality "1"]

1. Nf3 Nf6 2. c4 g6 3. Nc3 Bg7 4. g3 0-0 5. Bg2 d6 6. 0-0 c5 7. d4 Nc6 8. h3 cxd4 9. Nxd4 Nxd4 10. Qxd4 Ng4 11. Qd2 Ne5 12. b3 a5 13. Bb2 h5 14. Rfd1 Nd7 15. Nd5 Bxb2 16. Qxb2 Rb8 17. Rac1 b5 18. cxb5 Bb7 19. a4 Re8 20. Nc7 Rf8 21. Bxb7 Rxb7 22. Na6 Qa8 23. Rc2 Nf6 24. Qd4 Rd7 25. Nc7 Qe4 26. Qxe4 Nxe4 27. Na6 Rb7 28. Kg2 f5 29. f3 Nf6 30. Rc6 g5 31. Rdc1 Nd5 32. Rc8 f4 33. Rxf8+ Kxf8 34. Rc8+ Kg7 35. Kf2 fxg3+ 36. Kxg3 Nf4 37. e3 h4+ 38. Kg4 Ne6 39. Nb8 Kf6 40. Nc6 Rd7 41. Nxa5 Nd8 42. b6 e6 43. Rc7 Nf7 44. Nc6 Kg6 45. f4 1-0

[Event "Zalakaros op 23rd"]
[Site "Zalakaros"]
[Date "2004.05.17"]
[Round "4"]
[White "Piber, Vinko"]
[Black "Jovan, Romuald"]
[Result "1/2-1/2"]
[WhiteElo "1998"]
[BlackElo "2108"]
[PlyCount "21"]
[EventDate "2004.05.14"]
[EventType "swiss"]
[EventRounds "9"]
[EventCountry "HUN"]
[SourceTitle "EXT 2008"]
[Source "ChessBase"]
[SourceDate "2007.11.25"]
[SourceVersion "1"]
[SourceVersionDate "2007.11.25"]
[SourceQuality "1"]

1. d4 Nf6 2. c4 g6 3. Nc3 Bg7 4. e4 d6 5. Nf3 0-0 6. Be2 Nbd7 7. 0-0 e5 8. d5 a5 9. Ne1 Nc5 10. f3 Bd7 11. Nd3 1/2-1/2

[Event "Bled op 24th"]
[Site "Bled"]
[Date "2003.07.16"]
[Round "4"]
[White "Jovan, Romuald"]
[Black "Muslija, Idris"]
[Result "0-1"]
[WhiteElo "2124"]
[BlackElo "2286"]
[PlyCount "106"]
[EventDate "2003.07.14"]
[EventType "swiss"]
[EventRounds "9"]
[EventCountry "SLO"]
[SourceTitle "CBM 095 Extra"]
[Source "ChessBase"]
[SourceDate "2003.09.04"]
[SourceVersion "1"]
[SourceVersionDate "2003.09.04"]
[SourceQuality "1"]

1. d4 Nf6 2. c4 e6 3. Nc3 d5 4. Nf3 c6 5. e3 Nbd7 6. Bd3 dxc4 7. Bxc4 b5 8. Bd3 Bb7 9. a3 a6 10. Qe2 c5 11. 0-0 Qb6 12. Bd2 Be7 13. Rfd1 0-0 14. dxc5 Nxc5 15. Bc2 Nce4 16. Be1 Rad8 17. Ne5 Bd6 18. Ng4 Qc7 19. Nxf6+ Nxf6 20. h3 Qc6 21. e4 Qc5 22. Bd2 Qc7 23. Rac1 Qb8 24. Re1 Be5 25. Kh1 h6 26. Rf1 Rxd2 27. Qxd2 Bf4 28. Qe2 Bxc1 29. Rxc1 e5 30. Rd1 Rd8 31. Rd3 Rd4 32. Rxd4 exd4 33. Nb1 Qc8 34. Kh2 Qc7+ 35. g3 Qc6 36. f3 Nd7 37. Bd3 Ne5 38. Nd2 h5 39. Nb3 Qd6 40. Nd2 h4 41. f4 hxg3+ 42. Kxg3 Ng6 43. e5 Qe6 44. Nf3 Bxf3 45. Qxf3 Nf8 46. Qe4 Qd7 47. f5 g6 48. Qg4 Qd5 49. Qf4 Nd7 50. fxg6 fxg6 51. Bxg6 Nxe5 52. Be4 Qd6 53. Kf2 Nd3+ 0-1

[Event "Zalakaros op 22nd"]
[Site "Zalakaros"]
[Date "2003.05.24"]
[Round "9"]
[White "Krebs, Johann"]
[Black "Jovan, Romuald"]
[Result "1-0"]
[WhiteElo "2293"]
[BlackElo "2133"]
[PlyCount "135"]
[EventDate "2003.05.16"]
[EventType "swiss"]
[EventRounds "9"]
[EventCountry "HUN"]
[SourceTitle "EXT 2005"]
[Source "ChessBase"]
[SourceDate "2004.11.15"]
[SourceVersion "1"]
[SourceVersionDate "2004.11.15"]
[SourceQuality "1"]

1. d4 Nf6 2. c4 g6 3. g3 Bg7 4. Bg2 0-0 5. Nf3 d6 6. 0-0 c5 7. d5 Na6 8. Nc3 Nc7 9. a4 b6 10. h3 Rb8 11. e4 e5 12. Ne1 h6 13. Nd3 Nce8 14. Rb1 Bd7 15. Re1 Nh7 16. f4 exf4 17. gxf4 Qh4 18. Qf3 f5 19. Be3 fxe4 20. Nxe4 Bf5 21. Bf2 Qd8 22. Ng3 Bd7 23. Qe4 Qf6 24. b3 Qf7 25. Kh2 Nhf6 26. Qe2 Nc7 27. Qe7 Qxe7 28. Rxe7 Rf7 29. Rbe1 Rxe7 30. Rxe7 Kf8 31. Re1 a6 32. Ne4 Nce8 33. Bh4 Bf5 34. Bxf6 Bxf6 35. b4 Rb7 36. Rb1 Re7 37. bxc5 bxc5 38. Ndf2 Bh4 39. Rb6 Bxf2 40. Nxf2 Re2 41. Kg1 a5 42. Ra6 Ra2 43. Rxa5 Bc2 44. Be4 Rxa4 45. Rxa4 Bxa4 46. Bxg6 Nf6 47. Ne4 Bc2 48. Nxf6 Bxg6 49. Ng4 Bd3 50. Ne3 Kf7 51. Kf2 h5 52. Kg3 Kf6 53. Kh4 Be2 54. Kg3 Bd3 55. h4 Be2 56. Kf2 Bd3 57. Kf3 Kg6 58. Kf2 Kf6 59. Ke1 Be4 60. Kd2 Bb1 61. Nf1 Kf5 62. Ke3 Kg4 63. Nd2 Bc2 64. Ne4 Kxh4 65. Nxd6 Kg3 66. f5 h4 67. f6 Bg6 68. Nf5+ 1-0

[Event "Zalakaros op 21st"]
[Site "Zalakaros"]
[Date "2002.05.23"]
[Round "1"]
[White "Groszpeter, Attila"]
[Black "Jovan, Romuald"]
[Result "1-0"]
[WhiteElo "2498"]
[BlackElo "2133"]
[PlyCount "69"]
[EventDate "2002.05.23"]
[EventType "swiss"]
[EventRounds "9"]
[EventCountry "HUN"]
[SourceTitle "EXT 2004"]
[Source "ChessBase"]
[SourceDate "2003.11.25"]
[SourceVersion "1"]
[SourceVersionDate "2003.11.25"]
[SourceQuality "1"]

1. e4 e5 2. Nf3 Nf6 3. Nxe5 d6 4. Nf3 Nxe4 5. Bd3 Nc5 6. Be2 d5 7. 0-0 Bd6 8. d4 Ne4 9. c4 dxc4 10. Bxc4 0-0 11. Nc3 Nxc3 12. bxc3 Bg4 13. Qd3 Qf6 14. Bd5 Nc6 15. Be4 Bxf3 16. Bxf3 Rae8 17. Rb1 Nd8 18. Bxb7 Nxb7 19. Rxb7 Qh4 20. g3 Qg4 21. Kg2 f5 22. Qf3 Qg6 23. Bf4 Re4 24. Bxd6 Qxd6 25. Rfb1 Ree8 26. Rxa7 f4 27. g4 Qg6 28. Rbb7 Rc8 29. Rxc7 Rxc7 30. Rxc7 h5 31. Qd5+ Kh7 32. Qxh5+ Qxh5 33. gxh5 Kh6 34. Kf3 Kxh5 35. Rxg7 1-0

[Event "HUN-ch op"]
[Site "Zalakaros"]
[Date "2001.??.??"]
[Round "1"]
[White "Jovan, Romuald"]
[Black "Lukacs, Peter"]
[Result "1/2-1/2"]
[WhiteElo "2125"]
[BlackElo "2459"]
[PlyCount "40"]
[EventDate "2001.??.??"]
[EventType "swiss"]
[EventRounds "9"]
[EventCountry "HUN"]
[SourceTitle "EXT 2002"]
[Source "ChessBase"]
[SourceDate "2001.11.25"]
[SourceVersion "1"]
[SourceVersionDate "2001.11.25"]
[SourceQuality "1"]

1. d4 Nf6 2. c4 e6 3. Nc3 Bb4 4. Qc2 0-0 5. Nf3 c5 6. a3 Bxc3+ 7. bxc3 Nc6 8. e4 d5 9. e5 Ne4 10. Bd3 cxd4 11. Bxe4 dxe4 12. Qxe4 dxc3 13. Ng5 g6 14. Be3 f6 15. exf6 Qxf6 16. 0-0 Qe7 17. Qh4 b6 18. Qe4 Bb7 19. Qxe6+ Qxe6 20. Nxe6 Rf7 1/2-1/2

[Event "HUN-ch op"]
[Site "Zalakaros"]
[Date "2001.??.??"]
[Round "2"]
[White "Rigo, Janos"]
[Black "Jovan, Romuald"]
[Result "1-0"]
[WhiteElo "2329"]
[BlackElo "2125"]
[PlyCount "89"]
[EventDate "2001.??.??"]
[EventType "swiss"]
[EventRounds "9"]
[EventCountry "HUN"]
[SourceTitle "EXT 2002"]
[Source "ChessBase"]
[SourceDate "2001.11.25"]
[SourceVersion "1"]
[SourceVersionDate "2001.11.25"]
[SourceQuality "1"]

1. e4 e5 2. Nf3 Nf6 3. Nc3 Bb4 4. Nxe5 d6 5. Nf3 Bxc3 6. dxc3 Nxe4 7. Bd3 Nf6 8. 0-0 0-0 9. Bg5 Bg4 10. Be4 Nbd7 11. h3 Bh5 12. g4 Bg6 13. Bxb7 Rb8 14. Bd5 Qc8 15. Bb3 Ne4 16. Be3 Ndc5 17. Nh4 Kh8 18. f3 Nxb3 19. axb3 Nc5 20. Rxa7 f5 21. Re1 Ne6 22. Qd5 fxg4 23. Nxg6+ hxg6 24. hxg4 Qd7 25. c4 Rbe8 26. Kf2 Qf7 27. Rh1+ Kg8 28. Rh3 Re7 29. b4 Qf6 30. c3 Rfe8 31. b5 Qf7 32. f4 g5 33. f5 Nf4 34. Qxf7+ Kxf7 35. Bxf4 gxf4 36. Rd3 Kf6 37. b6 Kg5 38. Rxc7 Kxg4 39. Rxe7 Rxe7 40. c5 g5 41. Rxd6 Kxf5 42. c6 Rh7 43. c7 Rh2+ 44. Kg1 Rxb2 45. c8Q+ 1-0

[Event "Bled op-B"]
[Site "Bled"]
[Date "1998.??.??"]
[Round "5"]
[White "Jovan, Romuald"]
[Black "Baerner, Helmut"]
[Result "0-1"]
[WhiteElo "1870"]
[BlackElo "2165"]
[PlyCount "68"]
[EventDate "1998.03.21"]
[EventType "swiss"]
[EventRounds "9"]
[EventCountry "SLO"]
[SourceTitle "EXT 1999"]
[Source "ChessBase"]
[SourceDate "1998.11.16"]
[SourceVersion "1"]
[SourceVersionDate "1998.11.16"]
[SourceQuality "1"]

1. d4 Nf6 2. c4 c5 3. d5 g6 4. Nc3 d6 5. e4 Bg7 6. Nf3 0-0 7. Bd3 e6 8. 0-0 exd5 9. exd5 a6 10. a4 Bg4 11. h3 Bxf3 12. Qxf3 Nbd7 13. Qd1 Ne5 14. Be2 Qc7 15. Bf4 Rfe8 16. Qd2 Re7 17. Rae1 Rae8 18. Bg5 Qb6 19. Rb1 Ned7 20. Be3 Qb3 21. Qd1 Qb4 22. Na2 Qa5 23. b4 Qc7 24. Bd3 Ne4 25. Qc2 cxb4 26. Rxb4 Ndc5 27. Rfb1 Qc8 28. Rb6 Ng3 29. Nc1 Rxe3 30. fxe3 Rxe3 31. Qd2 Bd4 32. Kh2 Nxd3 33. Nxd3 Bxb6 34. Rxb6 Nf1+ 0-1